Normal view
MARC view
Entry Personal Name
001 - CONTROL NUMBER
- control field: 9514
003 - CONTROL NUMBER IDENTIFIER
- control field: PK-LaUMT
005 - DATE AND TIME OF LATEST TRANSACTION
- control field: 20260226093723.0
008 - FIXED-LENGTH DATA ELEMENTS
- fixed length control field: 260226|| aca||aabn | a|a d
040 ## - CATALOGING SOURCE
- Original cataloging agency: PK-LaUMT
- Transcribing agency: PK-LaUMT
100 ## - HEADING--PERSONAL NAME
- Personal name: Bergmans, Gas
670 ## - SOURCE DATA FOUND
- Source citation: Work cat.: (PK-LaUMT)139910: Bergmans, Gas, Your turn-a CEO's guide to leading a business turnaround /, 2026
